000 00349nam a2200145Ia 4500
008 150201s2009 xx 000 0 und d
082 _a611
_bH09C
100 _aCHAURASIA, B.D.
245 _aHUMAN ANATOMY : UPPER LIMB AND THORAX
250 _a4TH
260 _bCBS
_aDELHI
_c2009
300 _a1-288
650 _aHUMAN ANATOMY
942 _2ddc
_cBK
_061
999 _c312
_d312